Mustang, reino prohibido en el Himalaya / (Record no. 117908)

MARC details
000 -LEADER
campo de control de longitud fija 00530nam a2200169 4500
001 - NÚMERO DE CONTROL
campo de control 117908
003 - IDENTIFICADOR DE NÚMERO DE CONTROL
campo de control ES-MaACL
005 - FECHA Y HORA DE LA ÚLTIMA TRANSACCIÓN
campo de control 20230906191007.0
007 - CAMPO FIJO DE DESCRIPCIÓN FÍSICA--INFORMACIÓN GENERAL
campo de control de longitud fija t|
008 - DATOS DE LONGITUD FIJA--INFORMACIÓN GENERAL
campo de control de longitud fija 070214s1969 sp r ||||1| spa d
100 1# - ENTRADA PRINCIPAL--NOMBRE DE PERSONA
Nombre de persona Peissel, Michel.
9 (RLIN) 90007
245 10 - MENCIÓN DEL TÍTULO
Título Mustang, reino prohibido en el Himalaya /
Mención de responsabilidad, etc. Michel Peissel ; traducción de Gloria Martinengo.
260 ## - PUBLICACIÓN, DISTRIBUCIÓN, ETC.
Lugar de publicación, distribución, etc. Barcelona :
Nombre del editor, distribuidor, etc. Juventud,
Fecha de publicación, distribución, etc. 1969.
300 ## - DESCRIPCIÓN FÍSICA
Extensión 334 p. 14 lám. :
Otras características físicas il ;
Dimensiones 23 cm.
700 1# - ENTRADA AGREGADA--NOMBRE PERSONAL
Nombre de persona Martinengo, Gloria.
9 (RLIN) 77702
852 ## - LOCALIZACIÓN
Ubicación ES-MaACL
Número de control de estantería C-36022
Sublocalización o colección R.69415
Holdings
Estatus retirado Estado de pérdida Estado de daño No para préstamo Biblioteca de origen Biblioteca actual Ubicación en estantería Fecha de adquisición Fuente de adquisición Total de préstamos Signatura topográfica completa Código de barras Visto por última vez Precio de reemplazo Tipo de ítem Koha
        Biblioteca del Ateneo de Madrid Biblioteca del Ateneo de Madrid Depósito 2 17/01/2008     C-36022 1122923 23/02/2023 23/02/2023 Libro impreso